Statistics for Transformations in Minecraft

Click here to take the quiz!

General Stats

  • This quiz has been taken 62 times
    (59 since last reset)
  • The average score is 5 of 6

Answer Stats

TransformedOriginal% Correct
Charged CreeperCreeper
100%
Zombie PigmanPig
98%
WitchVillager
98%
Brown MooshroomMooshroom
89%
Skeleton HorsemanSkeleton Horse
57%
MooshroomBrown Mooshroom
51%

Score Distribution

Percentile by Number Answered

Percent of People with Each Score

Your Score History

You have not taken this quiz since the last reset